Robinson Crusoe / (Record no. 2794)

MARC details
000 -LEADER
fixed length control field 01071nam a22002537a 4500
005 - DATE AND TIME OF LATEST TRANSACTION
control field 20240115143357.0
020 ## - INTERNATIONAL STANDARD BOOK NUMBER
International Standard Book Number 9780194790703
040 ## - CATALOGING SOURCE
Original cataloging agency FISKH
Language of cataloging eng
Transcribing agency FISKH
Modifying agency FISKH
050 ## - LIBRARY OF CONGRESS CALL NUMBER
Classification number PR3403.A1
082 ## - DEWEY DECIMAL CLASSIFICATION NUMBER
Classification number 428.6
100 ## - MAIN ENTRY--PERSONAL NAME
Personal name Defoe, Daniel
245 ## - TITLE STATEMENT
Title Robinson Crusoe /
Statement of responsibility, etc. Daniel Dafoe
250 ## - EDITION STATEMENT
Edition statement This simplified edition Oxford University Press 2008
260 ## - PUBLICATION, DISTRIBUTION, ETC.
Place of publication, distribution, etc. Oxford :
Name of publisher, distributor, etc. Oxford University Press,
Date of publication, distribution, etc. 1993
300 ## - PHYSICAL DESCRIPTION
Extent 56 pages ;
Other physical details illustrations ;
Dimensions 20 cm
505 ## - FORMATTED CONTENTS NOTE
Formatted contents note P
520 ## - SUMMARY, ETC.
Summary, etc. I often walked along the shore, and one day I saw something in the sand. I went over to look at it more carefully . . . It was a footprint - the footprint of a man!' In 1659 Robinson Crusoe was shipwrecked on a small island off the coast of South America. After fifteen years alone, he suddenly learns that there is another person on the island. But will this man be a friend - or an enemy?
521 ## - TARGET AUDIENCE NOTE
Target audience note 650
Source Lexile
521 ## - TARGET AUDIENCE NOTE
Target audience note P
Source Raz-Plus
700 ## - ADDED ENTRY--PERSONAL NAME
Personal name Mowat, Diane
Relator term Reteller
700 ## - ADDED ENTRY--PERSONAL NAME
Personal name Williams, Anthony
Relator term Illustrator
942 ## - ADDED ENTRY ELEMENTS (KOHA)
Source of classification or shelving scheme Dewey Decimal Classification
Koha item type Books
Suppress in OPAC No
999 ## -
-- 2794
-- 2794
Holdings
Withdrawn status Lost status Source of classification or shelving scheme Damaged status Not for loan Collection Home library Current library Shelving location Date acquired Total Checkouts Full call number Barcode Date last seen Price effective from Koha item type
    Dewey Decimal Classification     Fiction Footprints International School Library Network Toul Kork Campus Footprints International School Library Network Toul Kork Campus   01/15/2024   DEF 428.6 PR3403.A1 FIS00264 01/15/2024 01/15/2024 Books